|
|
|
|
| LEADER |
00000nab a2200000 a 4500 |
| 001 |
vtls010625564 |
| 003 |
SK-MaSNL |
| 005 |
20260311224750.0 |
| 008 |
141002 2014 xo m p 000 0 cze |
| 015 |
|
|
|a SNBRB2014/09
|2 lmaosk
|
| 040 |
|
|
|a LMAOSK
|b slo
|c LMAOSK
|e AACR2
|
| 041 |
|
|
|a cze
|
| 044 |
|
|
|a xo
|c SK
|
| 080 |
|
|
|a 623.7(437.3)
|2 2001
|
| 080 |
|
|
|a 623.74
|2 2001
|
| 080 |
|
|
|a 623.746.3/.4
|2 2001
|
| 080 |
|
|
|a (046)
|2 2001
|
| 100 |
1 |
|
|a Máče, Jan
|4 aut
|9 447991
|
| 245 |
1 |
0 |
|a Československé letectvo po roce 1945
|n 99
|p letouny Aero L-159 po roce 2003
|c Jan Máče
|
| 246 |
3 |
|
|a Letouny Aero L-159 po roce 2003
|
| 300 |
|
|
|b Fotogr.
|
| 504 |
|
|
|a Bibliogr. odkazy
|
| 650 |
0 |
7 |
|a Aero L-159 (vojenské lietadlo)
|2 SNK
|9 1590358
|
| 650 |
0 |
7 |
|a vojenské letectvo
|2 SNKPH
|9 69447
|
| 650 |
0 |
7 |
|a vojenské lietadlá
|2 SNKPH
|9 68558
|
| 650 |
0 |
7 |
|a bojové lietadlá
|2 SNKPH
|9 87843
|
| 651 |
|
7 |
|a Československo
|2 SNKPHgeo
|9 21376
|
| 655 |
|
7 |
|a články
|2 SNKPH
|9 70601
|
| 773 |
0 |
|
|t ATM
|g Roč. 46, č. 9 (2014), s. 72-73
|x 1802-4823
|
| 852 |
|
|
|a LMAOSK
|b KIS3GCP
|
| 958 |
|
|
|a NB
|
| 999 |
|
|
|c 3261921
|d 3263851
|